000 00584nam a2200277Ia 4500
005 20260401122242.0
008 008 250103s9999 xx 000 0 eng d
020 _a571118380
037 _aTB
040 _aEDL
040 _beng
040 _cEDL
041 _2eng
041 _aeng
084 _a811.54 HUG
084 _qEDL
245 0 _aSylvia Plath: Collected Poems
260 _aLondon
260 _bFaber and Faber
260 _c1981
300 _a351p
942 _cTB
942 _h811.54 HUG
999 _c1845974
_d1845974